| 000 | 01266naa a2200229 a 4500 | ||
|---|---|---|---|
| 001 | 85143 | ||
| 003 | BD-RjUL | ||
| 005 | 20250708141840.0 | ||
| 008 | 250708s19?? pk ||||| |||| 00| 0 urd d | ||
| 035 | _a(BD-RjUL) 85143 | ||
| 040 |
_aBD-RjUL _beng _cBD-RjUL |
||
| 041 | _aurd | ||
| 082 |
_223 _a891.43909 _bGHG 19?? |
||
| 100 |
_a اکرام، س. م ;; Ikram, S. M. _915925 |
||
| 245 |
_aغالب نامہ :یا، آثار غالب ؛ مرزا اسد الله خان غالب کى زندگى اور تصانىیف کا تفصیىلى مطالعہ، جدید علم نفسیىات اور فن تنقیىد کى روشنى میں. / G̲h̲ālib nāmah : yā, ās̲ār-i G̲h̲ālib ; Mirzā Asadullāh K̲h̲ān G̲h̲ālib kī zindagī aur taṣānīf kā tafṣīlī mut̤ālaʻah, jadīd ʻilm-i nafsiyāt aur fann-i tanqīd kī raushnī men̲./ _cAuthors:از شیىخ محمد اکرام., اکرام، س. م. 1908-1973 / az Shaik̲h̲ Muḥammad Ikrām., S. M. Ikram |
||
| 250 | _a4th.ed | ||
| 260 |
_aBambaʼī: _b تاج آفس،, Tāj Āfis, _c19?? |
||
| 300 |
_a414 p. ; _c17 cm |
||
| 600 |
_aGhalib, Mirza Asadullah Khan, _d 1797-1869 _xCriticism and interpretation _915926 |
||
| 650 |
_aUrdu Poetry _vHistory and Criticism _98497 |
||
| 942 |
_2ddc _cBK |
||
| 999 |
_c85143 _d85143 |
||